000 00820nam a2200229 i 4500
001 125264
003 ES-MaACL
005 20250825062606.0
007 t|
008 070508s1930 sp ||||1| spa d
080 _a821.134.2-23"19"
100 1 _aÁlvarez Quintero, Serafín,
_d1871-1938
_9226443
245 1 4 _aLas vueltas que da el mundo
_b: comedia en tres actos /
_cSerafín y Joaquín Alvarez Quintero.
260 _aMadrid :
_bPrensa Moderna,
_c1930.
300 _a88 p. ;
_c17 cm.
490 1 _aEl Teatro moderno ;
_v236
500 _aEstrenada en el Teatro del Centro, de Madrid, el 3 de noviembre de 1922.
700 1 _aÁlvarez Quintero, Joaquín,
_d1873-1944
_920922
830 0 3 _aEl teatro moderno (Prensa Moderna)
_v236
_9182365
852 _aES-MaACL
_j2221-F-12
_bR.140710
999 _c125264
_d125264